Impatient Optimist (Record no. 334885)

MARC details
000 -LEADER
fixed length control field 00474nam a2200169Ia 4500
008 - FIXED-LENGTH DATA ELEMENTS--GENERAL INFORMATION
fixed length control field 230718s9999 xx 000 0 und d
020 ## - INTERNATIONAL STANDARD BOOK NUMBER
International Standard Book Number 9789350293843
041 ## - LANGUAGE CODE
Language code of text/sound track or separate title eng
082 ## - DEWEY DECIMAL CLASSIFICATION NUMBER
Classification number 081
Item number ROG
100 ## - MAIN ENTRY--PERSONAL NAME
Personal name Rogak L.Ed.
9 (RLIN) 195484
245 ## - TITLE STATEMENT
Title Impatient Optimist
Remainder of title Bill Gates In His Own Words
260 ## - PUBLICATION, DISTRIBUTION, ETC. (IMPRINT)
Date of publication, distribution, etc. 2012
Name of publisher, distributor, etc. Collins Business
300 ## - PHYSICAL DESCRIPTION
Extent 182
365 ## - TRADE PRICE
Currency code Rs.
Price amount 199.00
700 ## - ADDED ENTRY--PERSONAL NAME
Personal name Rogak L.Ed.
9 (RLIN) 195484
906 ## - LOCAL DATA ELEMENT F, LDF (RLIN)
d O:0366822-Jan-2014B:477019-Dec-2013
c GENRL
b 43.78
Holdings
Withdrawn status Lost status Damaged status Not for loan Home library Current library Date acquired Vendor Budget Code Cost, normal purchase price Bill number Total Checkouts Full call number Barcode Date last seen Discount Cost, replacement price Bill Date Koha item type Original Barcode
        Cummins College of Engineering for Women Pune Cummins College of Engineering for Women Pune 22/01/2014 Technical Book Services GENRL 155.22 4770   081 CCEP-BK-46092 18/07/2023 43.78 199.00 19/12/2013 Books 046092